000 01240cam a2200349 i 4500
001 63331
003 Mx-PuUPA
005 20230118121626.0
008 150817s2004 sp ad r 001 0 spa d
020 _a8484601102
040 _aMx-PuUPA
_bspa
_cMx-PuUPA
_dMx-PuUPA
_erda
041 0 _aspa
100 1 _aArsuaga, Juan Luis de,
_eautor
_9766
245 1 3 _aLa especie elegida :
_bla larga marcha de la evolución humana /
_cJuan Luis Arsuaga, Ignacio Martínez ; ilustraciones de Mauricio Antón
246 3 3 _aLa especie elegida.
250 _aSéptima edición /
_bfebrero
264 1 _aMadrid, España :
_bEdiciones Temas de Hoy ;
_c2004
300 _a342 páginas :
_bilustraciones, gráficas ;
_c19 cm
336 _atexto
_2rdacontent
_btxt
337 _asin medio
_2rdamedia
_bn
338 _avolumen
_2rdacarrier
_bnc
490 0 _aDivulgación ;
_v3015
500 _a"(Del proyecto atapuerca)".--Cubierta
650 7 _aEvolución humana
_2armarc
650 7 _aPrimates
_xEvolución
_2armarc
650 7 _aAntropología
_2armarc
700 1 _aMartínez, Ignacio,
_eautor
700 1 _aAntón, Mauricio,
_eilustrador
_9768
942 _2ddc
_cLI
_h599.938
_iA78
999 _c63331
_d63331